[Event "Buenos Aires op"]
[Site "Buenos Aires"]
[Date "2011.11.23"]
[Round "5"]
[White "Rasgido, Alejandro"]
[Black "Guglielmone, Alberto"]
[Result "1-0"]
[WhiteElo "1977"]
[BlackElo "1808"]
[PlyCount "67"]
[EventDate "2011.11.11"]
[EventType "swiss"]
[EventRounds "9"]
[EventCountry "ARG"]
[SourceTitle "CBM 145 Extra"]
[Source "ChessBase"]
[SourceDate "2012.01.03"]
[SourceVersion "1"]
[SourceVersionDate "2012.01.03"]
[SourceQuality "1"]

1. b3 Nf6 2. Bb2 e6 3. c4 d5 4. Nf3 Be7 5. d3 0-0 6. Nbd2 Nbd7 7. e4 c6 8. e5 Ne8 9. cxd5 exd5 10. d4 Nc7 11. Bd3 Re8 12. 0-0 Nf8 13. Ne1 c5 14. f4 f5 15. Qc2 Nce6 16. Bxf5 Nxd4 17. Bxd4 cxd4 18. Bd3 Bd7 19. Ndf3 Qb6 20. f5 Rac8 21. Qf2 Bb4 22. f6 gxf6 23. Qg3+ Kh8 24. Qh4 f5 25. Ng5 Qg6 26. Nef3 Be7 27. Qf4 h6 28. Nh3 Be6 29. Kh1 Nh7 30. Nxd4 Rf8 31. Nxe6 Qxe6 32. Bxf5 Qb6 33. Qd2 d4 34. Bxc8 1-0